Statistics for Movies by Letter - D

Click here to take the quiz!

General Stats

  • This quiz has been taken 41 times
  • The average score is 9 of 16

Answer Stats

HintAnswer% Correct
There’s a 1961 movie featuring 101 of this dog breedDalmation
92%
Possible Christmas movie starring Bruce WillisDie Hard
89%
2012 Quentin Tarantino movie starring Jamie FoxxDjango Unchained
86%
1958 horror movie based on the works of Bram StokerDracula
81%
Harry Potter actorDaniel Radcliffe
78%
Notably short actor best known for his roles in Taxi, Twins, and It’s Always Sunny in PhiladelphiaDanny DeVito
70%
2001 movie where Jake Gyllenhaal features as the titular character, alongside Frank the rabbitDonnie Darko
59%
1989 movie where Robin Williams plays Professor KeatingDead Poets Society
54%
He played Fox Mulder in The X FilesDavid Duchovny
43%
Writer/Director of Twin Peaks, Eraserhead, and moreDavid Lynch
43%
Slumdog Millionaire actor recently turned directorDev Patel
43%
Director of 2021’s Dune, as well as Arrival and Bladerunner 2049Denis Villeneuve
41%
Swedish actor best know for his role as Ivan Drago in Rocky IVDolph Lundgren
38%
70s soap opera named after its settingDallas
32%
“You’ve got to ask yourself one question: ‘Do I feel lucky?’ Well, do you, punk?”Dirty Harry
32%
Sound that can be heard by both the audience and the characters on-screenDiegetic
8%

Score Distribution

Percentile by Number Answered

Percent of People with Each Score

Your Score History

You have not taken this quiz